Fitotecnia: bases y tecnologías de la producción agrícola

Spremljeno u:
Bibliografski detalji
Glavni autori: Villalobos, Francisco J (Autor), Mateos, Luciano (Autor), Orgaz, Francisco (Autor), Fereres, Elías (Autor)
Format: Knjiga
Jezik:španjolski
Izdano: Bilbao Mundi-Prensa 2002
Izdanje:1a. ed
Teme:
Oznake: Dodaj oznaku
Bez oznaka, Budi prvi tko označuje ovaj zapis!

MARC

LEADER 00000nam a2200000 a 4500
001 UCK4647
003 CL-VaPUC
005 20241017164215.0
008 050617e20020000SP |||||||||||||||||spa|d
999 |c 313467  |d 313465 
020 |a 8484760499 
040 |c Pontificia Universidad Católica de Valparaíso 
082 0 4 |a 631.816  |b VIL  |2 21 
100 0 |a Villalobos, Francisco J  |e author  |9 493228 
245 1 0 |a Fitotecnia: bases y tecnologías de la producción agrícola 
250 |a 1a. ed 
260 |a Bilbao  |b Mundi-Prensa  |c 2002 
300 |a 496 p 
583 |a last modification  |c 20050617 00:00:00  |k Rodrigo Vera 
650 0 |a Fitotecnia  |9 403030 
650 0 |a Sustratos  |9 602250 
650 0 |a Nutrición vegetal  |9 356885 
650 0 |a Tecnología agrícola  |9 325634 
700 0 |a Mateos, Luciano  |e author  |9 493229 
700 0 |a Orgaz, Francisco  |e author  |9 493230 
700 0 |a Fereres, Elías  |e author  |9 493231 
942 |c BK  |2 ddc 
945 |d 20050617 00:00:00  |a cmena 
952 |0 0  |1 0  |4 0  |6 631_816000000000000_VIL_2002  |7 0  |8 A  |9 384833  |a BIBAGR  |b BIBAGR  |d 2019-11-22  |i 4139321  |l 2  |m 1  |o 631.816 VIL 2002  |p 4139321  |r 2025-01-20  |s 2023-08-25  |w 2019-11-22  |y BK  |k AGR